00928nam a2200205 a 450000100100000000500170001000800410002704000250006808200140009310000260010724500550013326000740018830000340026249000270029683000340032395201180035795201120047595201180058799900170070500004232220201002040058.0131125s2013 dr f 000 0 spa d aDO-SdBNPbspacBNPHU axxxbxxxx1 aPimentel, Thimo9647714aLos cilindros del arte furtivo. /cThimo Pimentel. a[Santo Domingo], :bFundación Igneri Arte y Arqueología,c[2013]? a20 p. aprox :blam. ;c23 cm.1 aFundación imagenv83 0aFundación imagenv83969377 0010718DSaGRbGRcCTd2013-11-25iLF1l0oxxx xxxxp42322-30r2020-06-25te. 3w2020-06-25yLFDSZNo se presta 0010718PDaPDbPDcCTd2013-11-25iLF1l0oxxx xxxxp42322-10r2020-06-25w2020-06-25yLFPDZNo se presta 0010718PDaPDbPDcCTd2013-11-25iLF1l0oxxx xxxxp42322-20r2020-06-25te. 2w2020-06-25yLFPDZNo se presta c41811d41811